000
00291nam a22000977a 4500
005
20250901165533.0
008
210604b BT|||||||| |||| 00| 0 eng d
050
_a
BT3173.B76 1960
245
_a
LIVING WITH CHRIST
_b
HIGH SCHOOL RELIGION COURSE 1
942
_2
lcc
_h
BT3173.B76 1960
999
_c
5498
_d
5498